000 00359nam a22001217a 4500
082 _a200 THE
100 _aMuhammad Waqas
_915381
245 _aTH-SOF-1160-Joint Tracking and Classification of Aircrafts
260 _aIslamabad
_bNUST College of EME
_c2015
650 _aMS-ELECT-67 MSTHESIS
700 _aSupervison Dr. Muhammad Salman
_970364
942 _cCF
999 _c577350
_d577350